000 00387nam a22001337a 4500
020 _qHB.
040 _cFIZZA ISHAQ
082 _a363.738
_bSTE
100 _aSHEPPARD,R.J STEPHEN.
_990973
245 _aVISUALIZING CLIMATE CHANGE A GUIDE TO VISUAL COMMUNICATION OF CLIMATE CHANGE AND DEVELOPING LOCAL SOLUTIONS /
260 _aCANADA ;
_c2012.
300 _a511 P. ;
942 _2ddc
_cBK
999 _c589173
_d589173